| 000 | 00429cam a22001454a 4500 | ||
|---|---|---|---|
| 020 | _a0131454153 | ||
| 082 | 0 | 0 |
_a624.191 _bGEO |
| 100 | 1 |
_aGroot De M.B _947316 |
|
| 245 | 1 | 0 |
_aGeosynthetics: applications, design and constrcution _cG. Den Hoedt |
| 260 |
_aUSA _b Balkema Rotterdam _c1996 |
||
| 300 |
_axix, 1065 p. : _bill. ; _c24 cm. |
||
| 526 |
_a0 _b0 _c0 _d624_191000000000000_GEO |
||
| 650 | 0 | _aGeosynthetics. | |
| 942 |
_2ddc _cBK |
||
| 999 |
_c550603 _d550603 |
||